000 00504nam a2200169Ia 4500
008 240729s9999 xx 000 0 und d
022 _a2587-0831
245 0 _aEuropean Journal of Breast Health
260 _aTürkiye
260 _bGalenos Publishing House
650 _a Internal medicine
650 _a Neoplasms. Tumors. Oncology. Including cancer and carcinogens
650 _aMedicine
856 _uhttps://doaj.org/toc/e5a5975e1bb04a43b1be4df1e7cf986e
942 _2ddc
942 _cDOAJEJ
999 _c68572
_d68572
945 _a1
_bMadushi Gamage
_c1
_dMadushi Gamage